Current NFL Third Quarterbacks - Statistics

General Stats
  • This quiz has been taken 9 times
  • The average score is 12 of 32
Answer Stats
Team Name % Correct
Browns Dillon Gabrie
86%
Steelers Will Howard
86%
Vikings Carson Wentz
57%
Bears Case Keenum
57%
Seahawks Jalen Milroe
57%
Cowboys Joe Milton III
57%
Bengals Josh Johnson
57%
Rams Stetson Bennett IV
57%
Raiders Aidan O’ Connel
43%
Eagles Andy Dalton
43%
Jets Brady Cook
43%
Dolphins Cam Miller
43%
Cardinals Carson Beck
43%
Chiefs Garrett Nussmeier
43%
Colts Riley Leonard
43%
Broncos Sam Ehlinger
43%
Bills Shane Buechele
43%
Ravens Skylar Thompson
43%
Saints Zach Wilson
43%
Commanders Athan Kaliakmanis
29%
Patriots Behren Morton
29%
Giants Brandon Allen
29%
Texans Graham Mertz
29%
49ers Kurtis Rourke
29%
Falcons Trevor Siemian
29%
Panthers Will Grier
29%
Buccaneers Connor Bazelak
14%
Chargers D. J. Uiagalelei
14%
Lions Luke Altmyer
14%
Titans Will Levis
14%
Jaguars Carter Bradley
0%
Packers Kyle McCord
0%
No matching quizzes found
Score Distribution
Percent of People with Each Score
Percentile by Number Answered
Your Score History
You have not taken this quiz